Drapeaux de pays avec l'Union Jack - Statistiques

Statistiques générales
  • Ce quiz a été pris 13 359 fois
  • Le résultat moyen est 4 sur 5
Statistiques - réponses
Par images Réponse % Correct
Australie
99%
Royaume-Uni
99%
Nouvelle-Zélande
98%
Fidji
83%
Tuvalu
64%
Aucun quiz correspondant
Distribution des résultats
% des personnes avec chaque résultat
Percentile par nombre de réponses
Votre historique - résultats
Vous n’avez pas pris ce quiz